Central Library OPAC University of Rajshahi

Plato's theory of education / (Record no. 7098)

MARC details
000 -LEADER
fixed length control field 00943cam a22002891 4500
001 - CONTROL NUMBER
control field 7098
003 - CONTROL NUMBER IDENTIFIER
rucl marc code BD-RjUL
005 - DATE AND TIME OF LATEST TRANSACTION
control field 20211208234350.0
008 - FIXED-LENGTH DATA ELEMENTS--GENERAL INFORMATION
fixed length control field r19501947xx 000 0 eng d
035 ## - SYSTEM CONTROL NUMBER
System control number (BD-RjUL)7140
System control number (OCoLC)929004
040 ## - CATALOGING SOURCE
Original cataloging agency DLC
Transcribing agency OAU
Modifying agency DLC
-- BD-RjUL)
Language of cataloging eng
041 ## - LANGUAGE CODE
Language code of text/sound track or separate title eng
082 00 - DEWEY DECIMAL CLASSIFICATION NUMBER
Classification number 370.1
Author mark and year LOP
100 1# - MAIN ENTRY--PERSONAL NAME
Personal name Lodge, Rupert Clendon,
Dates associated with a name 1886-
9 (RLIN) 22229
245 10 - TITLE STATEMENT
Title Plato's theory of education /
Statement of responsibility, etc. With an appendix on the education of women according to Plato, by Solomon Frank.
260 ## - PUBLICATION, DISTRIBUTION, ETC. (IMPRINT)
Place of publication, distribution, etc. London,
Name of publisher, distributor, etc. K. Paul, Trench, Trubner
Date of publication, distribution, etc. [1947] [Impretion 1950]
300 ## - PHYSICAL DESCRIPTION
Pagination viii, 322 p.
Size 22 cm.
504 ## - BIBLIOGRAPHY, ETC. NOTE
Bibliography, etc Bibliography: p. 309-311.
600 00 - SUBJECT ADDED ENTRY--PERSONAL NAME
Personal name Plato.
650 #0 - SUBJECT ADDED ENTRY--TOPICAL TERM
Topical term or geographic name as entry element Education, Greek.
9 (RLIN) 22231
700 1# - ADDED ENTRY--PERSONAL NAME
Personal name Frank, Solomon.
942 ## - ADDED ENTRY ELEMENTS (KOHA)
Source of classification or shelving scheme Dewey Decimal Classification
Koha item type Books
Holdings
Lost status Source of classification or shelving scheme Damaged status Not for loan Collection code Permanent Location Current Location Shelving location Date acquired Source of acquisition Cost, normal purchase price Total Checkouts Full call number Date last seen Copy number Koha item type
  Dewey Decimal Classification   Not For Loan Non-fiction Central Library, University of Rajshahi Central Library, University of Rajshahi   26/01/1956 Suip Mare 1.10   370.1 LOP 1950 13/01/2014 C-1 Books
  Dewey Decimal Classification     Non-fiction Central Library, University of Rajshahi Central Library, University of Rajshahi   07/02/1955 U. B& rajshahi 13.20   370.1 LOP 1950 01/08/2016 C-3 Books
  Dewey Decimal Classification     Non-fiction Central Library, University of Rajshahi Central Library, University of Rajshahi   22/09/1955 B.H.Blackwell 1.15   370.1 LOP 1950 15/01/2017 C-2 Books